University Home | Library Home | Institutional Repository

Bibliography of teaching and study materials on African .... (Record no. 170451)

MARC details
000 -LEADER
fixed length control field 00607cam4a220021700 4500
001 - CONTROL NUMBER
control field zam00002841
008 - FIXED-LENGTH DATA ELEMENTS--GENERAL INFORMATION
fixed length control field 951128s1991 xx eng u
035 ## - SYSTEM CONTROL NUMBER
System control number (Sirsi) r20180
035 ## - SYSTEM CONTROL NUMBER
System control number (MACHINE)SLC.
100 ## - MAIN ENTRY--PERSONAL NAME
Personal name Boafo, K. S. T.
Linkage A81427.1
245 10 - TITLE STATEMENT
Title Bibliography of teaching and study materials on African ....
260 ## - PUBLICATION, DISTRIBUTION, ETC.
Date of publication, distribution, etc. 1991.
591 ## -
-- Class code: MC 420.
591 ## -
-- Course: Reporting.
591 ## -
-- School: S05.
591 ## -
-- Lecturer: Ms. KASOMA, F.P.
591 ## -
-- Number of Students: 23.
949 ## - LOCAL PROCESSING INFORMATION (OCLC)
a Z6940
w lcc
m MAIN
t BOOK
l ON-SHELF
909 ## -
-- Book

No items available.

© 2026 - The University of Zambia Library - Koha v25.11